Every Call of Duty Zombies Map (WaW - Cold War) - Statistics

General Stats
  • This quiz has been taken 95 times
  • The average score is 37 of 63
Answer Stats
Hint Answer % Correct
Black Ops 1 Kino Der Toten
92%
Black Ops 2 Tranzit
92%
World at War Verruckt
92%
Black Ops 1 "Five"
91%
Black Ops 2 Mob of the Dead
91%
Black Ops 1 Moon
89%
World at War Nacht Der Untoten
89%
Black Ops 2 Buried
88%
World at War Der Riese
88%
Black Ops 2 Die Rise
88%
Black Ops 2 Origins
88%
World at War Shi No Numa
88%
Black Ops 1 Ascension
85%
Black Ops 1 Call of the Dead
83%
Black Ops 2 Farm
83%
Black Ops 1 Shangri La
83%
Black Ops 2 Town
83%
Black Ops III Shadows of Evil
80%
Black Ops 1 Dead Ops Arcade
75%
Black Ops III Gorod Krovi
75%
Black Ops 2 Nuketown
75%
Black Ops III The Giant
74%
Black Ops 2 Bus Depot
72%
Black Ops III Revelations
72%
Black Ops III Der Eisendrache
71%
Black Ops 4 IX
68%
Black Ops 4 Blood of the Dead
66%
Black Ops III Zetsubou No Shima
66%
Cold War Firebase Z
65%
Black Ops III Dead Ops Arcade 2
58%
Black Ops 4 Voyage of Despair
58%
Cold War Die Maschine
57%
Advanced Warfare Outbreak
57%
Black Ops 4 Tag der Toten
57%
Infinite Warfare Zombies in Spaceland
57%
Black Ops 4 Alpha Omega
55%
Cold War Mauer Der Toten
54%
Black Ops 4 Classified
52%
Black Ops 4 Dead of the Night
52%
Cold War Forsaken
52%
Advanced Warfare Infection
51%
Black Ops 4 Ancient Evil
49%
World War 2 The Final Reich
49%
Infinite Warfare Rave in the Redwoods
46%
Infinite Warfare Shaolin Shuffle
45%
Infinite Warfare Attack of the Radioactive Thing
43%
Infinite Warfare The Beast from Beyond
42%
Cold War Dead Ops Arcade 3: Rise of the Mamaback
38%
Advanced Warfare Descent
38%
Advanced Warfare Carrier
37%
World War 2 The Darkest Shore
37%
World War 2 The Tortured Path
34%
World War 2 The Frozen Dawn
31%
World War 2 The Shadowed Throne
29%
Cold War Zoo
26%
World War 2 Groesten Haus
25%
Cold War Ruka
25%
Cold War Duga
22%
Cold War Alpine
20%
Cold War Golova
20%
Cold War Sanatorium
20%
Cold War Armada
15%
Cold War Collateral
15%
No matching quizzes found
Score Distribution
Percent of People with Each Score
Percentile by Number Answered
Your Score History
You have not taken this quiz